De la entrada en Canaan al destierro en Babilonia: historia y teología

Guardat en:
Dades bibliogràfiques
Autor principal: Michaud, Robert (autor)
Format: Llibre
Idioma:espanyol
Publicat: Pamplona Verbo Divino 1983
Matèries:
Etiquetes: Afegir etiqueta
Sense etiquetes, Sigues el primer a etiquetar aquest registre!

MARC

LEADER 00000nam a2200000 a 4500
001 UCX4577
003 CL-VaPUC
008 920615e19830000SP |||||||||||||||||spa|d
082 0 4 |a 220.95  |b MIC  |2 21 
100 |a Michaud, Robert  |e autor  |9 321190 
245 1 0 |a De la entrada en Canaan al destierro en Babilonia: historia y teología 
300 |a 190 p 
942 |c BK 
945 |d 19920615 00:00:00 
260 |a Pamplona  |b Verbo Divino  |c 1983 
650 7 |a BILIA HISTORIA SAGRADA  |2 CL-VaPUC  |9 320774 
650 7 |a JUDIOS HISTORIA HASTA 586 AC  |2 CL-VaPUC  |9 320775 
583 |a last modification  |c 20120709 10:57:02  |k Rodrigo Vera 
999 |c 225008  |d 225006 
952 |0 0  |1 0  |4 0  |6 220_950000000000000_MIC_1983  |7 0  |8 A  |9 222155  |a BIBTEO  |b BIBTEO  |d 2019-11-15  |i 2909960  |o 220.95 MIC 1983  |p 2909960  |r 2025-01-17  |w 2019-11-15  |y BK  |k ICR